| 000 | 01278nam a2200325 a 4500 | ||
|---|---|---|---|
| 001 | 000114651 | ||
| 003 | CHAP | ||
| 005 | 20220329144451.0 | ||
| 008 | 180314s2017 mx sm |||||||spa d | ||
| 010 | _a111112 | ||
| 011 | _a112084 | ||
| 040 | _cCHAP | ||
| 090 | _aTesis | ||
| 100 | 1 |
_aPlancarte Galán, Pedro Jesús _9129676 |
|
| 245 | 1 | 0 |
_aPatogenicidad y control integral de hongos fitopatógenos causantes de la pudrición de raíz y tallo del tomate rojo en Cocula Guerrero. _h[En línea] _cpor Plancarte Galán Pedro Jesús. |
| 260 |
_aChapingo, Méx. : _bEl autor, _c2017. |
||
| 500 | _aPara ver el contenido del material haga clic en la liga | ||
| 502 | _aTesis (M.C. en Protección Vegetal ) -- UACH. Departamento de Parasitología Agrícola | ||
| 590 |
_aE6339RRR _b05 _c20180314 _lUCH01 _h1335 |
||
| 590 |
_aE6339RRR _b05 _c20180314 _lUCH01 _h1335 |
||
| 590 |
_aE6339RRR _b05 _c20180314 _lUCH01 _h1337 |
||
| 650 | 1 | 4 |
_aFungicidas _xAnálisis. _944045 |
| 650 | 1 | 4 |
_aHongos fitopatógenos _xControl biológico. _9134760 |
| 650 | 1 | 4 |
_aTomate _xEnfermedades por hongos. _9113713 |
| 650 | 1 | 4 |
_aTrichoderma viridae como fungicida. _9133373 |
| 856 |
_aFinding aid _uhttp://10.13.5.2/tesis/sist114651.pdf _zTeclea aquí |
||
| 901 | _aBK | ||
| 942 | _cLIBRO | ||
| 942 | _n0 | ||
| 999 |
_c111112 _d111112 |
||